000 03238nam a2200313Ia 4500
003 OSt
005 20210903095328.0
008 210310s2011 sp fr 001 0dspa d
020 _a9788493696153
040 _aCO-JMCR
_cCO-JMCR
041 1 _aspa
_heng
082 0 4 _a330.9 /
_bA468f
_223
100 1 _aAltman, Daniel,
_917460
_eautor
245 1 0 _aFuturos imperfectos :
_blas 12 tendencias asombrosas que remodelarán la economía global /
_cDaniel Altman ; traducción, María Isabel Merino Sánchez
250 _a1°. edición
260 _aBarcelona :
_bTendencias Editores,
_c2011
300 _a317 páginas ;
_c23 cm.
490 0 _aTendencias
500 _aIncluye índice temático y datos biográficos del autor. Título original : Outrageous fortunes. The twelve surprising trends that will reshape the global economy.
505 0 _aLímites -- Obstáculos -- Oportunidades -- Riesgos
520 3 _aMás que a una crisis, nos enfrentamos a un cambio sin precedentes en la economía global. El mundo está inmerso en la mayor recesión desde la Segunda Guerra Mundial, y el desenlace de la situación dependerá de las decisiones que tomen nuestras instituciones en los próximos años. A partir de esta premisa, el periodista Daniel Altman, economista formado en Harvard, realiza un análisis tan riguroso como accesible de los retos y oportunidades que, como individuos y como naciones, vamos a afrontar en los próximos treinta años. Más allá de las fluctuaciones experimentadas por los mercados de un día para otro, sostiene, son otros factores, profundamente enraizados, los que determinan la vida de generaciones enteras: la estabilidad de los gobiernos, la mentalidad de los pueblos, la corrupción y los mercados negros. Desde esta perspectiva, Altman nos confronta con doce predicciones, sorprendentes pero lógicas, en torno a los cambios críticos que nos aguardan a largo plazo: el rápido declive de la economía china tras el auge actual; la desintegración de Europa en tanto que unidad económica a causa de la desigualdad de sus economías, los movimientos migratorios, que impedirán a los países conservar a sus trabajadores más cualificados; o la aparición de un nuevo colonialismo capitalista, que empobrecerá tanto al país colonizado como al colonizador. No obstante, afirma el autor de Conectados, estamos a tiempo de rectificar. La construcción de un futuro económico más halagüeño requiere paciencia, sacrificio y estabilidad. En ese sentido, la obra de Altman constituye una herramienta indispensable para que gobiernos, empresas e individuos por un igual sean capaces de tomar decisiones inteligentes a largo plazo, basadas en un pensamiento más profundo y global. Sólo conociendo los peligros a los que nos enfrentamos seremos capaces de evitar los riesgos y aprovechar las oportunidades. De tomar, en suma, las riendas del futuro.
546 _aTraducido del inglés.
650 1 4 _aPronóstico de la economía
_917462
650 2 4 _aGlobalización
_xAspectos económicos
_96974
650 2 4 _aCrisis económica
_y2008
_939954
650 2 4 _aCompetencia económica internacional
_97037
700 1 _aMerino Sánchez, María Isabel,
_etraductora
_939955
942 _2ddc
_cBK
999 _c8503
_d8503